Statistics for Best Rappers 2004-2023

Click here to take the quiz!

General Stats

  • This quiz has been taken 75 times
    (67 since last reset)
  • The average score is 17 of 54

Answer Stats

HintAnswer% Correct
2006Kanye West
73%
2013Travis Scott
64%
2017Lil Baby
61%
2016
Lil Uzi Vert
59%
2017XxxTentacion
50%
2018Lil Durk
48%
2014Future
46%
2014J Cole
46%
2018Juice Wrld
45%
2012Nicki Minaj
45%
201721 Savage
43%
2019DaBaby
43%
2015Young Thug
43%
2017Cardi B
39%
2017Migos
38%
2018Nba YoungBoy
38%
2019Pop Smoke
38%
200450 Cent
36%
2019Polo G
36%
2018Gunna
34%
2018King Von
34%
2017Lil Yachty
34%
2017Offset
34%
2015Tyler, The Creator
34%
2015ASAP Rocky
32%
2019Roddy Ricch
32%
2018Takeoff
32%
2017PlayBoi Carti
30%
2017Quavo
30%
2017Kodak Black
29%
2019Lil Tjay
29%
2018Post Malone
29%
2011Wiz Khalifa
29%
2019Lil tecca
27%
20176ix9ine
23%
2012Chief Keef
23%
2019Nle Choppa
23%
2018Ski Mask the Slump God
23%
2017Trippie Redd
23%
2017YNW Melly
23%
2013Mac Miller
21%
2009Kid Cudi
18%
2019Rod Wave
18%
2022Yeat
18%
2018G Herbo
14%
2020The Kid Laroi
14%
2017A Boogie Wit da Hoodie
11%
2011Big Sean
11%
2016Rae Sremmurd
7%
2021Babytron
5%
2017Tee Grizzly
5%
2017YBN Nahmir
5%
2021Nardo Wick
4%
2021Pooh Shiesty
2%

Score Distribution

Percentile by Number Answered

Percent of People with Each Score

Your Score History

You have not taken this quiz since the last reset